| 000 | 00488nam a2200169 a 4500 | ||
|---|---|---|---|
| 005 | 20210223130233.0 | ||
| 008 | 070822s2005 mx r 000 0 spa d | ||
| 020 | _a9707860049 | ||
| 035 | _aUPN01000151198 | ||
| 049 | _aCG | ||
| 050 | 4 |
_aJS2140 D5 _bC6.6 |
|
| 245 | 0 | 0 | _aComparativo de las elecciones locales de 2000 y 2003 en Distrito Federal. |
| 260 |
_aMéxico : _bIEDF, _c2005. |
||
| 300 |
_a143 p. : _bil. |
||
| 650 | 4 |
_aELECCIONES LOCALES - _zMEXICO (D.F.) _95000 |
|
| 905 | _aLibro | ||
| 999 |
_c123337 _d123337 |
||